Bagliore a mezzogiorno, (Record no. 37648)

MARC details
000 -LEADER
fixed length control field 00521cam a22001931 4500
001 - CONTROL NUMBER
control field ltf91064174
003 - CONTROL NUMBER IDENTIFIER
control field DLC
005 - DATE AND TIME OF LATEST TRANSACTION
control field 20260227111554.0
008 - FIXED-LENGTH DATA ELEMENTS--GENERAL INFORMATION
fixed length control field 080923s1948 it 000 0 ita
010 ## - LIBRARY OF CONGRESS CONTROL NUMBER
LC control number ltf91064174
040 ## - CATALOGING SOURCE
Original cataloging agency DLC
Transcribing agency DLC
Modifying agency DLC
050 00 - LIBRARY OF CONGRESS CALL NUMBER
Classification number 4PR 124
100 1# - MAIN ENTRY--PERSONAL NAME
Personal name Gann, Ernest Kellogg,
Dates associated with a name 1910-1991.
245 10 - TITLE STATEMENT
Title Bagliore a mezzogiorno,
Remainder of title romanzo.
Statement of responsibility, etc. Della traduzione di Liana Ferri.
250 ## - EDITION STATEMENT
Edition statement [1. ed.].
260 ## - PUBLICATION, DISTRIBUTION, ETC.
Place of publication, distribution, etc. Roma,
Name of publisher, distributor, etc. Reanda
Date of publication, distribution, etc. [1948]
300 ## - PHYSICAL DESCRIPTION
Extent 335 p.
490 0# - SERIES STATEMENT
Series statement Il pettirosso,
Volume/sequential designation vol. 4

No items available.

Powered by Koha